[Event "Staffordshire Open"]
[Site "Stoke-on-Trent"]
[Date "2025.08.16"]
[Round "1.1"]
[White "Westfield, Francis"]
[Black "Boswell, Jacob"]
[Result "0-1"]
[WhiteElo "1863"]
[BlackElo "2252"]
[PlyCount "72"]
[EventDate "2025.08.16"]
[EventType "swiss"]
[EventRounds "5"]
[EventCountry "ENG"]
[SourceTitle "BritBase"]
[Source "John Saunders"]
[SourceDate "2025.08.19"]
[SourceVersion "1"]
[SourceVersionDate "2025.08.19"]
[SourceQuality "1"]

1. e4 c5 2. Nf3 d6 3. Bb5+ Bd7 4. Bxd7+ Nxd7 5. Nc3 Ngf6 6. O-O g6 7. Rb1 Bg7 8. Re1 O-O 9. a3 Ng4 10. h3 Nge5 11. Nxe5 Nxe5 12. d3 Qd7 13. f4 Nc6 14. Ne2 d5 15. c3 e5 16. Qc2 Rad8 17. Rf1 f5 18. exf5 Qxf5 19. Ng3 Qd7 20. fxe5 Bxe5 21. Rxf8+ Rxf8 22. Nf1 Bg7 23. Be3 Qd6 24. Bf2 d4 25. c4 Qf6 26. Re1 Ne5 27. Bg3 Qf5 28. Bxe5 Bxe5 29. Qe2 Re8 30. Qf2 Qxd3 31. Rxe5 Rxe5 32. Qf6 Qf5 33. Qxf5 Rxf5 34. Nd2 b6 35. b3 Re5 36. Kf2 Re3 0-1

[Event "Staffordshire Open"]
[Site "Stoke-on-Trent"]
[Date "2025.08.16"]
[Round "1.2"]
[White "Blackburn, Jonathan LB"]
[Black "Ilett, Raymond"]
[Result "1-0"]
[WhiteElo "2207"]
[BlackElo "1837"]
[PlyCount "71"]
[EventDate "2025.08.16"]
[EventType "swiss"]
[EventRounds "5"]
[EventCountry "ENG"]
[SourceTitle "BritBase"]
[Source "John Saunders"]
[SourceDate "2025.08.19"]
[SourceVersion "1"]
[SourceVersionDate "2025.08.19"]
[SourceQuality "1"]

1. d4 Nf6 2. c4 e6 3. Nf3 b6 4. g3 Bb7 5. Bg2 Be7 6. O-O O-O 7. d5 exd5 8. Nd4 c5 9. Nf5 d6 10. Nc3 Nbd7 11. cxd5 Ne5 12. f4 Ng6 13. e4 Bc8 14. Nxe7+ Qxe7 15. e5 Ne8 16. h4 Qd7 17. e6 Qd8 18. f5 Ne7 19. Bg5 f6 20. Be3 Ba6 21. Rf2 Rb8 22. a3 g6 23. fxg6 Nxg6 24. Be4 Ne5 25. Bf4 Ng7 26. Qc2 f5 27. Bxe5 fxe4 28. Bxg7 Kxg7 29. Nxe4 Rxf2 30. Qxf2 Qe7 31. Qf4 Rd8 32. Rd1 b5 33. Rf1 b4 34. Qf7+ Qxf7 35. Rxf7+ Kg8 36. Nf6+ 1-0

[Event "Staffordshire Open"]
[Site "Stoke-on-Trent"]
[Date "2025.08.16"]
[Round "1.3"]
[White "Lambton, David"]
[Black "Latt, Maung Maung"]
[Result "0-1"]
[WhiteElo "1802"]
[BlackElo "2151"]
[PlyCount "60"]
[EventDate "2025.08.16"]
[EventType "swiss"]
[EventRounds "5"]
[EventCountry "ENG"]
[SourceTitle "BritBase"]
[Source "John Saunders"]
[SourceDate "2025.08.19"]
[SourceVersion "1"]
[SourceVersionDate "2025.08.19"]
[SourceQuality "1"]

1. c4 c6 2. g3 d5 3. Nf3 Nf6 4. Bg2 e6 5. O-O Nbd7 6. b3 Be7 7. Bb2 O-O 8. d3 b6 9. Nbd2 Bb7 10. e4 c5 11. exd5 exd5 12. d4 dxc4 13. Nxc4 Rc8 14. dxc5 Nxc5 15. Re1 Re8 16. Bxf6 gxf6 17. Nd4 Bxg2 18. Qg4+ Kh8 19. Nf5 Rg8 20. Qxg8+ Kxg8 21. Nxe7+ Kg7 22. Nxc8 Bh3 23. Ne7 Qa8 24. Ne3 Qf3 25. Rec1 Ne4 26. Rc2 Ng5 27. N7d5 Qe4 28. Rc4 Nf3+ 29. Kh1 Nd4+ 30. Kg1 Ne2# 0-1

[Event "Staffordshire Open"]
[Site "Stoke-on-Trent"]
[Date "2025.08.16"]
[Round "1.4"]
[White "Gardiner, Harry"]
[Black "Lees, Nicholas"]
[Result "0-1"]
[WhiteElo "2001"]
[BlackElo "1792"]
[PlyCount "66"]
[EventDate "2025.08.16"]
[EventType "swiss"]
[EventRounds "5"]
[EventCountry "ENG"]
[SourceTitle "BritBase"]
[Source "John Saunders"]
[SourceDate "2025.08.19"]
[SourceVersion "1"]
[SourceVersionDate "2025.08.19"]
[SourceQuality "1"]

1. d4 Nf6 2. c4 e6 3. Nf3 d5 4. Bg5 Be7 5. Nc3 O-O 6. e3 Nbd7 7. Rc1 b6 8. cxd5 exd5 9. Bd3 Bb7 10. O-O c5 11. Bxf6 Nxf6 12. Qc2 Bd6 13. Nb5 c4 14. Nxd6 Qxd6 15. Be2 Ne4 16. Nd2 f5 17. Nf3 Rae8 18. Ne5 f4 19. f3 Ng5 20. Qd2 Ne6 21. Ng4 h5 22. Nf2 fxe3 23. Qxe3 Nf4 24. Ne4 dxe4 25. Bxc4+ Kh8 26. fxe4 Rxe4 27. Qf3 Qxd4+ 28. Kh1 Re7 29. Qxh5+ Nxh5 30. Rxf8+ Kh7 31. Bg8+ Kh6 32. Bb3 Bxg2+ 33. Kxg2 Qd3 0-1

[Event "Staffordshire Open"]
[Site "Stoke-on-Trent"]
[Date "2025.08.16"]
[Round "1.5"]
[White "Kryshtafor, Maksym"]
[Black "Flavell, Archie"]
[Result "0-1"]
[WhiteElo "1682"]
[BlackElo "1927"]
[PlyCount "100"]
[EventDate "2025.08.16"]
[EventType "swiss"]
[EventRounds "5"]
[EventCountry "ENG"]
[SourceTitle "BritBase"]
[Source "John Saunders"]
[SourceDate "2025.08.19"]
[SourceVersion "1"]
[SourceVersionDate "2025.08.19"]
[SourceQuality "1"]

1. e4 c5 2. Nf3 d6 3. d4 cxd4 4. Nxd4 Nf6 5. Nc3 a6 6. f3 e5 7. Nb3 Be6 8. Be3 Be7 9. Bd3 Nbd7 10. O-O b5 11. Qd2 Nb6 12. Qf2 Nc4 13. Bxc4 bxc4 14. Nd2 Rb8 15. Rab1 Qa5 16. Rfd1 O-O 17. Nf1 d5 18. exd5 Nxd5 19. Nxd5 Bxd5 20. Qd2 Qxd2 21. Rxd2 Be6 22. Re2 Rfd8 23. Bd2 f6 24. Bc3 Kf7 25. Rbe1 Bc5+ 26. Kh1 Bd4 27. Bxd4 Rxd4 28. c3 Rd6 29. Ng3 Rdb6 30. Rb1 a5 31. a4 Rb3 32. Rc2 Ra3 33. Ne4 Rxa4 34. Nc5 Ra2 35. Nxe6 Kxe6 36. Rd2 a4 37. Rbd1 Rbxb2 38. Rd6+ Kf5 39. Rg1 Rc2 40. h4 a3 41. Kh2 Rxc3 42. Kg3 Rb2 43. Rd7 a2 44. Ra1 Rcc2 45. Rg1 Rb1 46. Rxb1 axb1=Q 47. Rd5 Qe1+ 48. Kh2 Qxh4+ 49. Kg1 Rc1+ 50. Rd1 Rxd1# 0-1

[Event "Staffordshire Open"]
[Site "Stoke-on-Trent"]
[Date "2025.08.16"]
[Round "1.6"]
[White "Barwick, Carmel"]
[Black "Ofeni, Joel"]
[Result "1-0"]
[WhiteElo "1915"]
[BlackElo "1672"]
[PlyCount "133"]
[EventDate "2025.08.16"]
[EventType "swiss"]
[EventRounds "5"]
[EventCountry "ENG"]
[SourceTitle "BritBase"]
[Source "John Saunders"]
[SourceDate "2025.08.19"]
[SourceVersion "1"]
[SourceVersionDate "2025.08.19"]
[SourceQuality "1"]

1. e4 c5 2. d4 cxd4 3. Qxd4 Nc6 4. Qd3 g6 5. Nc3 Bg7 6. Nf3 Nf6 7. Be2 O-O 8. O-O d6 9. Nd5 Nxd5 10. exd5 Ne5 11. Qb3 Qc7 12. c3 Nd7 13. Be3 Nc5 14. Qd1 Bd7 15. Qc1 Rfc8 16. h4 Bg4 17. Nd4 Bxe2 18. Nxe2 Nd3 19. Qd2 Ne5 20. Qc1 a5 21. a4 Qc4 22. Nf4 Ng4 23. Bd2 Rcb8 24. Qd1 Nf6 25. b3 Qc5 26. c4 Ne4 27. Be3 Qb4 28. Nd3 Qc3 29. Rc1 Qf6 30. Qg4 Qf5 31. Qxf5 gxf5 32. Rfe1 Re8 33. f3 Nf6 34. Bf2 e5 35. dxe6 fxe6 36. c5 d5 37. Bd4 Nd7 38. Bxg7 Kxg7 39. Nf4 Kf7 40. c6 bxc6 41. Rxc6 Nf8 42. Rc7+ Kg8 43. Nh5 Reb8 44. Nf6+ Kh8 45. Rxe6 Rb4 46. Ree7 Rxh4 47. Nxd5 Rb8 48. Rb7 Rxb7 49. Rxb7 Rd4 50. Ne7 f4 51. Rb8 Rd1+ 52. Kf2 Kg7 53. Nc6 Rd2+ 54. Kg1 Rd5 55. Ra8 Rd1+ 56. Kh2 Rb1 57. Rxa5 Rxb3 58. Ra8 Rb6 59. Nd4 Rb4 60. Nf5+ Kf7 61. Nd6+ Kg7 62. Ne4 Kf7 63. a5 Nd7 64. a6 Ra4 65. Ra7 Ke6 66. Rxd7 Rxe4 67. fxe4 1-0

[Event "Staffordshire Open"]
[Site "Stoke-on-Trent"]
[Date "2025.08.16"]
[Round "1.7"]
[White "Ranasinghe, Chaniru"]
[Black "Layhe, Simon"]
[Result "1-0"]
[WhiteElo "1642"]
[BlackElo "1910"]
[PlyCount "59"]
[EventDate "2025.08.16"]
[EventType "swiss"]
[EventRounds "5"]
[EventCountry "ENG"]
[SourceTitle "BritBase"]
[Source "John Saunders"]
[SourceDate "2025.08.19"]
[SourceVersion "1"]
[SourceVersionDate "2025.08.19"]
[SourceQuality "1"]

1. d4 e6 2. Bf4 f5 3. Nf3 Nf6 4. e3 b6 5. Bd3 Bb7 6. Nbd2 d6 7. Qe2 d5 8. Ne5 a6 9. h3 Nbd7 10. Ndf3 Bd6 11. g4 Ne4 12. gxf5 exf5 13. Nxd7 Qxd7 14. Ne5 Qe6 15. Rg1 g6 16. h4 Nf6 17. O-O-O c5 18. c3 c4 19. Bc2 b5 20. Rg5 O-O-O 21. Rh1 Rhg8 22. h5 Bxe5 23. Bxe5 Ng4 24. Bg3 Rdf8 25. Qf3 Qc6 26. hxg6 hxg6 27. Qf4 Nf6 28. Rxg6 Rxg6 29. Bxf5+ Nd7 30. Qb8# 1-0

[Event "Staffordshire Open"]
[Site "Stoke-on-Trent"]
[Date "2025.08.16"]
[Round "2.1"]
[White "Boswell, Jacob"]
[Black "Barwick, Carmel"]
[Result "1-0"]
[WhiteElo "2252"]
[BlackElo "1915"]
[PlyCount "61"]
[EventDate "2025.08.16"]
[EventType "swiss"]
[EventRounds "5"]
[EventCountry "ENG"]
[SourceTitle "BritBase"]
[Source "John Saunders"]
[SourceDate "2025.08.19"]
[SourceVersion "1"]
[SourceVersionDate "2025.08.19"]
[SourceQuality "1"]

1. d4 Nf6 2. c4 e6 3. Nf3 d5 4. Nc3 Nbd7 5. Bf4 Bb4 6. e3 Ne4 7. Qb3 c5 8. Bd3 dxc4 9. Bxc4 Qa5 10. Rc1 b5 11. Bxe6 c4 12. Qc2 Nxc3 13. Bxd7+ Bxd7 14. bxc3 Be7 15. Qe4 Qd8 16. Bd6 Be6 17. Bxe7 Kxe7 18. O-O Qd5 19. Qh4+ Kf8 20. e4 Qd8 21. Qh5 a6 22. Ne5 Qf6 23. f4 Bc8 24. f5 Ra7 25. Ng4 Qc6 26. Rce1 f6 27. e5 Re7 28. exf6 gxf6 29. Qh6+ Rg7 30. Rf2 Kf7 31. Ne5+ 1-0

[Event "Staffordshire Open"]
[Site "Stoke-on-Trent"]
[Date "2025.08.16"]
[Round "2.2"]
[White "Flavell, Archie"]
[Black "Blackburn, Jonathan LB"]
[Result "0-1"]
[WhiteElo "1927"]
[BlackElo "2207"]
[PlyCount "68"]
[EventDate "2025.08.16"]
[EventType "swiss"]
[EventRounds "5"]
[EventCountry "ENG"]
[SourceTitle "BritBase"]
[Source "John Saunders"]
[SourceDate "2025.08.19"]
[SourceVersion "1"]
[SourceVersionDate "2025.08.19"]
[SourceQuality "1"]

1. e4 e6 2. d4 d5 3. e5 c5 4. c3 Qb6 5. Nf3 Bd7 6. Be2 Bb5 7. O-O Bxe2 8. Qxe2 Qa6 9. Qd1 cxd4 10. cxd4 Nc6 11. Nc3 Nge7 12. a3 Rc8 13. Bg5 h6 14. Bxe7 Bxe7 15. h3 O-O 16. Re1 Na5 17. Qa4 Qb6 18. Qb5 Qxb5 19. Nxb5 a6 20. Nc3 Nc4 21. Nd1 Rc6 22. Re2 Rfc8 23. b4 b5 24. Ne3 Nb6 25. Raa2 Rc1+ 26. Kh2 R8c3 27. Red2 Rb3 28. g3 Nc4 29. Nxc4 bxc4 30. Kg2 Rcc3 31. Ne1 Rxa3 32. Rxa3 Rxa3 33. Rb2 Rb3 34. Ra2 Bxb4 0-1

[Event "Staffordshire Open"]
[Site "Stoke-on-Trent"]
[Date "2025.08.16"]
[Round "2.3"]
[White "Latt, Maung Maung"]
[Black "Ranasinghe, Chaniru"]
[Result "1-0"]
[WhiteElo "2151"]
[BlackElo "1642"]
[PlyCount "69"]
[EventDate "2025.08.16"]
[EventType "swiss"]
[EventRounds "5"]
[EventCountry "ENG"]
[SourceTitle "BritBase"]
[Source "John Saunders"]
[SourceDate "2025.08.19"]
[SourceVersion "1"]
[SourceVersionDate "2025.08.19"]
[SourceQuality "1"]

1. d4 Nf6 2. Nf3 g6 3. Bf4 Bg7 4. e3 d6 5. Be2 Nbd7 6. h3 h5 7. c4 c5 8. Nc3 b6 9. O-O Bb7 10. a3 cxd4 11. exd4 d5 12. Re1 dxc4 13. Bxc4 O-O 14. Rc1 Rc8 15. Ba2 Nb8 16. Ne5 e6 17. Bg5 Nc6 18. Nf3 Qd6 19. Qd2 Nh7 20. Ne4 Qd7 21. Bh6 Nxd4 22. Nxd4 Bxh6 23. Qxh6 Qxd4 24. Rcd1 Qxb2 25. Rd2 Qg7 26. Qf4 Bxe4 27. Qxe4 Qc3 28. Rd3 Qc6 29. Qe5 Rfd8 30. Rg3 Qc5 31. Rxg6+ fxg6 32. Bxe6+ Kf8 33. Qh8+ Ke7 34. Bxc8+ Kd6 35. Qxd8+ 1-0

[Event "Staffordshire Open"]
[Site "Stoke-on-Trent"]
[Date "2025.08.16"]
[Round "2.4"]
[White "Lees, Nicholas"]
[Black "Westfield, Francis"]
[Result "1/2-1/2"]
[WhiteElo "1792"]
[BlackElo "1863"]
[PlyCount "34"]
[EventDate "2025.08.16"]
[EventType "swiss"]
[EventRounds "5"]
[EventCountry "ENG"]
[SourceTitle "BritBase"]
[Source "John Saunders"]
[SourceDate "2025.08.19"]
[SourceVersion "1"]
[SourceVersionDate "2025.08.19"]
[SourceQuality "1"]

1. d4 b6 2. c4 e6 3. Nc3 Bb7 4. Nf3 Nf6 5. Bg5 h6 6. Bxf6 Qxf6 7. e3 Bb4 8. Be2 O-O 9. Qc2 Bxc3+ 10. bxc3 d6 11. O-O Rd8 12. Nd2 Qg6 13. Qxg6 fxg6 14. Bd3 g5 15. f4 gxf4 16. Rxf4 Nd7 17. a4 a5 1/2-1/2

[Event "Staffordshire Open"]
[Site "Stoke-on-Trent"]
[Date "2025.08.16"]
[Round "2.5"]
[White "Ofeni, Joel"]
[Black "Gardiner, Harry"]
[Result "1/2-1/2"]
[WhiteElo "1672"]
[BlackElo "2001"]
[PlyCount "103"]
[EventDate "2025.08.16"]
[EventType "swiss"]
[EventRounds "5"]
[EventCountry "ENG"]
[SourceTitle "BritBase"]
[Source "John Saunders"]
[SourceDate "2025.08.19"]
[SourceVersion "1"]
[SourceVersionDate "2025.08.19"]
[SourceQuality "1"]

1. Nf3 d5 2. d4 Nf6 3. c4 c6 4. cxd5 cxd5 5. Nc3 Nc6 6. Bf4 a6 7. e3 e6 8. a3 Nh5 9. Be5 f6 10. Bg3 Nxg3 11. hxg3 g6 12. Bd3 Bg7 13. Qb3 O-O 14. Rc1 Qd6 15. Qb6 Rd8 16. Na4 e5 17. Bb1 exd4 18. Nxd4 Nxd4 19. Qxd4 f5 20. Qc5 Be6 21. Qxd6 Rxd6 22. Ke2 b5 23. Nc3 d4 24. Rhd1 Rad8 25. exd4 Bxd4 26. Rd2 Kg7 27. Rcd1 Bb3 28. Bc2 Bxc2 29. Rxc2 Kf6 30. Kf3 h5 31. Ne2 Be5 32. Rxd6+ Rxd6 33. Ke3 Ke6 34. b3 g5 35. f4 Bf6 36. Rd2 Rxd2 37. Kxd2 Kd5 38. Kd3 g4 39. a4 Kc5 40. axb5 axb5 41. Nc1 Bd4 42. Ne2 Bf2 43. Kc3 b4+ 44. Kc2 Kd5 45. Kd3 Bb6 46. Nc1 Ba7 47. Ke2 Kd4 48. Kd2 Kd5 49. Nd3 Bc5 50. Nxc5 Kxc5 51. Kd3 Kd5 52. Ke3 1/2-1/2

[Event "Staffordshire Open"]
[Site "Stoke-on-Trent"]
[Date "2025.08.16"]
[Round "2.6"]
[White "Layhe, Simon"]
[Black "Lambton, David"]
[Result "1/2-1/2"]
[WhiteElo "1910"]
[BlackElo "1802"]
[PlyCount "140"]
[EventDate "2025.08.16"]
[EventType "swiss"]
[EventRounds "5"]
[EventCountry "ENG"]
[SourceTitle "BritBase"]
[Source "John Saunders"]
[SourceDate "2025.08.19"]
[SourceVersion "1"]
[SourceVersionDate "2025.08.19"]
[SourceQuality "1"]

1. c4 Nf6 2. Nc3 c5 3. g3 g6 4. Bg2 Bg7 5. Nf3 O-O 6. O-O Nc6 7. d4 cxd4 8. Nxd4 a6 9. e4 Re8 10. Rb1 Nxe4 11. Nxc6 Nxc3 12. Nxd8 Nxd1 13. Nxb7 Bxb7 14. Bxb7 Rab8 15. Rxd1 Rxb7 16. b3 d6 17. Be3 Rc8 18. Kf1 Kf8 19. Ke2 Ke8 20. Rbc1 Rbc7 21. Rd5 Kd7 22. Rcd1 Bf8 23. Ra5 Rc6 24. c5 Ke6 25. cxd6 exd6 26. Rd4 Bg7 27. Rda4 Ra8 28. Bd2 Bf6 29. Re4+ Kd7 30. Kd3 Bd8 31. Rd5 Rac8 32. Rc4 Ke6 33. Rxc6 Rxc6 34. Rd4 d5 35. Ra4 Be7 36. Be3 Bd6 37. Bd4 f6 38. f4 h6 39. Kd2 g5 40. Be3 Kf5 41. Rd4 Ke6 42. Ra4 Bc7 43. fxg5 hxg5 44. h4 Bxg3 45. hxg5 fxg5 46. Bxg5 Be5 47. Be3 Bc3+ 48. Kd3 Ke5 49. Bd4+ Bxd4 50. Rxd4 Rh6 51. Ra4 Rh3+ 52. Kd2 Rh6 53. Kd3 Rg6 54. Kd2 d4 55. Ra5+ Ke4 56. b4 Rg2+ 57. Kd1 Kd3 58. Ra3+ Kc4 59. Rxa6 Kxb4 60. Ra8 Kc4 61. Ra3 Kd5 62. Rh3 Rxa2 63. Kc1 Kc4 64. Kb1 Rg2 65. Kc1 Re2 66. Kd1 Ra2 67. Kc1 Rf2 68. Kd1 Rg2 69. Kc1 Ra2 70. Kd1 Rf2 1/2-1/2

[Event "Staffordshire Open"]
[Site "Stoke-on-Trent"]
[Date "2025.08.16"]
[Round "2.7"]
[White "Ilett, Raymond"]
[Black "Kryshtafor, Maksym"]
[Result "0-1"]
[WhiteElo "1837"]
[BlackElo "1682"]
[PlyCount "108"]
[EventDate "2025.08.16"]
[EventType "swiss"]
[EventRounds "5"]
[EventCountry "ENG"]
[SourceTitle "BritBase"]
[Source "John Saunders"]
[SourceDate "2025.08.19"]
[SourceVersion "1"]
[SourceVersionDate "2025.08.19"]
[SourceQuality "1"]

1. d4 d5 2. c4 e6 3. Nf3 Nf6 4. e3 Be7 5. Bd3 dxc4 6. Bxc4 O-O 7. O-O b6 8. Nc3 Bb7 9. Re1 c5 10. Qe2 Nc6 11. dxc5 Bxc5 12. b3 Na5 13. Rd1 Qe7 14. Bd3 e5 15. Bc2 Rfd8 16. Bb2 Nc6 17. Ne4 Nxe4 18. Bxe4 Bd6 19. Rac1 Rac8 20. g3 Na5 21. Bxb7 Rxc1 22. Rxc1 Nxb7 23. Nh4 Qe6 24. Qa6 Nc5 25. Qe2 Be7 26. Nf3 Qg4 27. Rd1 Rxd1+ 28. Qxd1 e4 29. Qd4 Ne6 30. Ne5 Nxd4 31. Nxg4 Nf3+ 32. Kf1 f5 33. Ne5 Nxh2+ 34. Kg2 Nf3 35. Nxf3 exf3+ 36. Kxf3 Kf7 37. e4 fxe4+ 38. Kxe4 g6 39. f3 Ke6 40. g4 Bf6 41. Bc1 h5 42. g5 Be5 43. f4 Bd6 44. Be3 Bc5 45. Bd2 Bf2 46. Bc3 a6 47. Be5 Be1 48. a4 b5 49. axb5 axb5 50. Bf6 h4 51. Kf3 Kf5 52. Be5 h3 53. Bf6 Bh4 54. Be5 Bxg5 0-1

[Event "Staffordshire Open"]
[Site "Stoke-on-Trent"]
[Date "2025.08.16"]
[Round "3.1"]
[White "Blackburn, Jonathan LB"]
[Black "Boswell, Jacob"]
[Result "1-0"]
[WhiteElo "2207"]
[BlackElo "2252"]
[PlyCount "96"]
[EventDate "2025.08.16"]
[EventType "swiss"]
[EventRounds "5"]
[EventCountry "ENG"]
[SourceTitle "BritBase"]
[Source "John Saunders"]
[SourceDate "2025.08.19"]
[SourceVersion "1"]
[SourceVersionDate "2025.08.19"]
[SourceQuality "1"]

1. d4 Nf6 2. c4 g6 3. Nc3 Bg7 4. e4 d6 5. Nf3 O-O 6. Be2 e5 7. d5 a5 8. h3 Na6 9. g4 Nc5 10. Qc2 c6 11. Be3 Qe7 12. O-O-O cxd5 13. cxd5 Bd7 14. Bxc5 dxc5 15. d6 Qe8 16. g5 Nh5 17. Nd5 Rb8 18. Ng1 Nf4 19. Ne7+ Kh8 20. h4 h5 21. Qxc5 Ne6 22. Qe3 Nd4 23. Nf3 Be6 24. Nxd4 exd4 25. Rxd4 Be5 26. f4 Bxd6 27. Rxd6 Qxe7 28. Qd4+ Kg8 29. Kb1 Rbc8 30. Rd1 Qc7 31. Qd2 Qc5 32. Rd4 b5 33. b3 b4 34. Rc1 Qb6 35. Bxh5 gxh5 36. f5 Rxc1+ 37. Kxc1 Bc8 38. Kb2 Re8 39. g6 Qf6 40. gxf7+ Kxf7 41. Kb1 Re7 42. Qd3 Ba6 43. Qd1 Qxh4 44. e5 Qg5 45. e6+ Kf6 46. Rd5 Qg4 47. Qd2 Qe4+ 48. Ka1 Kg7 1-0

[Event "Staffordshire Open"]
[Site "Stoke-on-Trent"]
[Date "2025.08.16"]
[Round "3.2"]
[White "Lees, Nicholas"]
[Black "Latt, Maung Maung"]
[Result "0-1"]
[WhiteElo "1792"]
[BlackElo "2151"]
[PlyCount "97"]
[EventDate "2025.08.16"]
[EventType "swiss"]
[EventRounds "5"]
[EventCountry "ENG"]
[SourceTitle "BritBase"]
[Source "John Saunders"]
[SourceDate "2025.08.19"]
[SourceVersion "1"]
[SourceVersionDate "2025.08.19"]
[SourceQuality "1"]

1. d4 d5 2. Bf4 c6 3. e3 Bf5 4. Nf3 e6 5. Bd3 Bg6 6. O-O Bd6 7. Bxd6 Qxd6 8. c3 Nd7 9. Re1 Ngf6 10. Qc2 c5 11. Nbd2 O-O 12. Bxg6 hxg6 13. Rad1 Qc7 14. Ng5 Rac8 15. h4 Rfe8 16. Ndf3 Re7 17. Rd2 a6 18. g3 b5 19. Qb1 Rce8 20. e4 cxd4 21. Nxd4 e5 22. Ndf3 dxe4 23. Nxe4 Nxe4 24. Qxe4 Nf6 25. Qe2 e4 26. Ng5 e3 27. Rdd1 Qc5 28. f4 Nh5 29. Kh2 Qf5 30. Rg1 Nf6 31. Rd4 Ng4+ 32. Kg2 Nf2 33. g4 Nxg4 34. Re1 f6 35. Nh3 Nf2 36. Qf3 Nxh3 37. Qxh3 Qc2+ 38. Kh1 Qxb2 39. Qg3 Qxc3 40. Rd6 Qb4 41. Rxa6 e2 42. Kg2 Re3 43. Qf2 Qe4+ 44. Kh2 Rf3 45. Qg2 Qxf4+ 46. Kg1 Rg3 47. Rxe2 Rxe2 48. Ra8+ Kh7 49. Rh8+ 0-1

[Event "Staffordshire Open"]
[Site "Stoke-on-Trent"]
[Date "2025.08.16"]
[Round "3.3"]
[White "Ranasinghe, Chaniru"]
[Black "Flavell, Archie"]
[Result "0-1"]
[WhiteElo "1642"]
[BlackElo "1927"]
[PlyCount "42"]
[EventDate "2025.08.16"]
[EventType "swiss"]
[EventRounds "5"]
[EventCountry "ENG"]
[SourceTitle "BritBase"]
[Source "John Saunders"]
[SourceDate "2025.08.19"]
[SourceVersion "1"]
[SourceVersionDate "2025.08.19"]
[SourceQuality "1"]

1. d4 Nf6 2. Bf4 g6 3. Nc3 d5 4. Nf3 Bg7 5. e3 O-O 6. Be2 c5 7. Ne5 Nc6 8. h4 Qb6 9. Rb1 cxd4 10. Nxc6 bxc6 11. exd4 Nd7 12. Be3 Ba6 13. Bf3 Qc7 14. h5 e5 15. hxg6 fxg6 16. Bg4 Rae8 17. Bxd7 Qxd7 18. dxe5 Bxe5 19. Kd2 d4 20. Kc1 Rd8 21. Ne4 Qf5 0-1

[Event "Staffordshire Open"]
[Site "Stoke-on-Trent"]
[Date "2025.08.16"]
[Round "3.4"]
[White "Barwick, Carmel"]
[Black "Kryshtafor, Maksym"]
[Result "0-1"]
[WhiteElo "1915"]
[BlackElo "1682"]
[PlyCount "104"]
[EventDate "2025.08.16"]
[EventType "swiss"]
[EventRounds "5"]
[EventCountry "ENG"]
[SourceTitle "BritBase"]
[Source "John Saunders"]
[SourceDate "2025.08.19"]
[SourceVersion "1"]
[SourceVersionDate "2025.08.19"]
[SourceQuality "1"]

1. e4 e5 2. Nf3 Nc6 3. Bc4 Bc5 4. d3 Nf6 5. c3 d6 6. O-O O-O 7. Re1 Bg4 8. Nbd2 Qd7 9. b4 Bb6 10. Nf1 Ne7 11. h3 Be6 12. Bxe6 fxe6 13. Be3 Ng6 14. a4 Bxe3 15. Rxe3 Nf4 16. Ng3 h6 17. d4 exd4 18. cxd4 Qf7 19. Ne2 N6h5 20. Nxf4 Nxf4 21. e5 Qg6 22. Nh4 Qg5 23. Qg4 Qxg4 24. hxg4 g5 25. Nf3 Nd5 26. Re4 Rfe8 27. exd6 cxd6 28. b5 Kf7 29. Ree1 Rac8 30. Nd2 Rc2 31. Ne4 Rd8 32. Ra3 Nf4 33. Ng3 Rd7 34. Rf3 Kg6 35. Nh5 Ne2+ 36. Kh2 Nxd4 37. Rf6+ Kh7 38. Rfxe6 Nxe6 39. Nf6+ Kg6 40. Nxd7 Nf4 41. Kg1 Kf7 42. Rd1 Ke7 43. Nb8 Rc8 44. b6 axb6 45. Rb1 Rxb8 46. Rxb6 Kd7 47. Rb5 d5 48. g3 Ne2+ 49. Kf1 Nc3 50. Rc5 Rc8 51. Ra5 Kc6 52. Ke1 Kb6 0-1

[Event "Staffordshire Open"]
[Site "Stoke-on-Trent"]
[Date "2025.08.16"]
[Round "3.5"]
[White "Gardiner, Harry"]
[Black "Layhe, Simon"]
[Result "1/2-1/2"]
[WhiteElo "2001"]
[BlackElo "1910"]
[PlyCount "120"]
[EventDate "2025.08.16"]
[EventType "swiss"]
[EventRounds "5"]
[EventCountry "ENG"]
[SourceTitle "BritBase"]
[Source "John Saunders"]
[SourceDate "2025.08.19"]
[SourceVersion "1"]
[SourceVersionDate "2025.08.19"]
[SourceQuality "1"]

1. d4 d5 2. c4 c6 3. cxd5 cxd5 4. Nc3 Nf6 5. Bf4 e6 6. e3 Bb4 7. Bxb8 Bxc3+ 8. bxc3 Rxb8 9. Qa4+ Bd7 10. Qxa7 O-O 11. Bd3 Qc7 12. Qa3 Rfc8 13. Ne2 Ra8 14. Qb2 Ra5 15. O-O Rca8 16. Rfb1 Bc6 17. Nc1 Ng4 18. g3 h5 19. Nb3 Ra3 20. Nc5 R8a7 21. c4 Qe7 22. e4 Qf6 23. cxd5 exd5 24. e5 Qe7 25. Qe2 Rc3 26. Qd2 Rxc5 27. dxc5 Nxe5 28. Qe2 Qf6 29. f4 Ng4 30. Qb2 d4 31. Bb5 Ne3 32. Qe2 Bd5 33. Qxh5 Nc2 34. Qxd5 d3 35. Bxd3 Nxa1 36. Re1 Ra8 37. Qe4 g6 38. Qe5 Qxe5 39. Rxe5 Rxa2 40. Re8+ Kg7 41. Re7 Ra5 42. Rc7 Kf8 43. Bc4 f5 44. Bd5 Nc2 45. Bxb7 Nd4 46. c6 Rc5 47. Rc8+ Ke7 48. c7 Ne6 49. Rg8 Rxc7 50. Bd5 Nf8 51. Rg7+ Kd8 52. Rxc7 Kxc7 53. Kf2 Kd6 54. Bb3 Ke7 55. Ke3 Kf6 56. Kd4 g5 57. fxg5+ Kxg5 58. Ke5 Ng6+ 59. Ke6 f4 60. h4+ Nxh4 1/2-1/2

[Event "Staffordshire Open"]
[Site "Stoke-on-Trent"]
[Date "2025.08.16"]
[Round "3.6"]
[White "Westfield, Francis"]
[Black "Ofeni, Joel"]
[Result "1-0"]
[WhiteElo "1863"]
[BlackElo "1672"]
[PlyCount "21"]
[EventDate "2025.08.16"]
[EventType "swiss"]
[EventRounds "5"]
[EventCountry "ENG"]
[SourceTitle "BritBase"]
[Source "John Saunders"]
[SourceDate "2025.08.19"]
[SourceVersion "1"]
[SourceVersionDate "2025.08.19"]
[SourceQuality "1"]

1. e4 c5 2. Nf3 d6 3. Bb5+ Nd7 4. Nc3 Ngf6 5. O-O a6 6. Bxd7+ Bxd7 7. e5 dxe5 8. Nxe5 Bf5 9. Qf3 e6 10. Qxb7 Nd7 11. Nxd7 1-0

[Event "Staffordshire Open"]
[Site "Stoke-on-Trent"]
[Date "2025.08.17"]
[Round "4.1"]
[White "Latt, Maung Maung"]
[Black "Blackburn, Jonathan LB"]
[Result "0-1"]
[WhiteElo "2151"]
[BlackElo "2207"]
[PlyCount "70"]
[EventDate "2025.08.16"]
[EventType "swiss"]
[EventRounds "5"]
[EventCountry "ENG"]
[SourceTitle "BritBase"]
[Source "John Saunders"]
[SourceDate "2025.08.19"]
[SourceVersion "1"]
[SourceVersionDate "2025.08.19"]
[SourceQuality "1"]

1. d4 Nf6 2. Nf3 g6 3. Bf4 Bg7 4. e3 O-O 5. Be2 d6 6. h3 b6 7. O-O Bb7 8. c4 Nbd7 9. Nc3 Ne4 10. Nxe4 Bxe4 11. Nd2 Bb7 12. Bf3 Qc8 13. Qa4 c5 14. Bxb7 Qxb7 15. Nb3 a6 16. Rac1 Rfc8 17. Qa3 Qc6 18. Rfd1 a5 19. d5 Qb7 20. Nd2 b5 21. cxb5 Qxb5 22. Nc4 Nb6 23. b3 a4 24. Nxb6 Qxb6 25. bxa4 Bb2 26. Rb1 Bxa3 27. Rxb6 c4 28. e4 c3 29. Rd3 Rxa4 30. Bh6 Bb2 31. e5 dxe5 32. d6 exd6 33. Rbxd6 Rd4 34. R3xd4 exd4 35. Rxd4 c2 0-1